Biblioteca y Centro de Documentación

La consolidación de las migraciones internas de inmigrantes como factor estructural de la movilidad geográfica en España (Registro nro. 49042)

Detalles MARC
000 -CABECERA
Longitud fija campo de control 01040naa a2200265 c 4500
001 - NÚMERO DE CONTROL
Número de control 49042
003 - IDENTIFICADOR DE NÚMERO DE CONTROL
Identificador del número de control ES-MaCES
005 - FECHA Y HORA DE LA ÚLTIMA TRANSACCIÓN
Fecha y hora de la última transacción 20170321105403.0
008 - CAMPO FIJO DE DESCRIPCIÓN FIJA--INFORMACIÓN GENERAL
Códigos de información de longitud fija   170321s2016 sp ||||| t||||||| ||spa d
040 ## - FUENTE DE CATALOGACIÓN
Centro catalogador de origen ES-MaCES
Lengua de catalogación spa
Centro transcriptor ES-MaCES
Centro modificado ES-MaCES
100 1# - ENCABEZAMIENTO PRINCIPAL--NOMBRE PERSONAL
9 (RLIN) 21814
Nombre de persona Recaño Valverde, Joaquín
245 13 - MENCIÓN DE TÍTULO
Título La consolidación de las migraciones internas de inmigrantes como factor estructural de la movilidad geográfica en España
Mención de responsabilidad, etc. Joaquín Recaño
500 ## - NOTA GENERAL
Nota general Resumen
504 ## - NOTA DE BIBLIOGRAFÍA, ETC.
Nota de bibliografía, etc. Bibliografía: p. 68-71
650 #4 - ASIENTO SECUNDARIO DE MATERIA--TÉRMINO DE MATERIA
9 (RLIN) 28633
Término de materia o nombre geográfico como elemento inicial migración interna
650 #4 - ASIENTO SECUNDARIO DE MATERIA--TÉRMINO DE MATERIA
9 (RLIN) 28632
Término de materia o nombre geográfico como elemento inicial inmigración
650 #4 - ASIENTO SECUNDARIO DE MATERIA--TÉRMINO DE MATERIA
9 (RLIN) 28631
Término de materia o nombre geográfico como elemento inicial inmigrante
650 #4 - ASIENTO SECUNDARIO DE MATERIA--TÉRMINO DE MATERIA
9 (RLIN) 28358
Término de materia o nombre geográfico como elemento inicial desplazamiento
650 #4 - ASIENTO SECUNDARIO DE MATERIA--TÉRMINO DE MATERIA
9 (RLIN) 28354
Término de materia o nombre geográfico como elemento inicial movilidad de la mano de obra
650 #4 - ASIENTO SECUNDARIO DE MATERIA--TÉRMINO DE MATERIA
9 (RLIN) 26964
Término de materia o nombre geográfico como elemento inicial España
653 10 - TÉRMINO DE INDEXACIÓN--NO CONTROLADO
Término no controlado Ciencias Sociales-Políticas
773 0# - ENTRADA DE DOCUMENTO FUENTE
Itemnumber del ítem fuente 85735
Lugar, editor y fecha de publicación Madrid Fundación de las Cajas de Ahorros (FUNCAS) 2005-
Otro identificador del documento 088633
Título Panorama social
Número de control del registro relacionado (ES-MaCES)25996
Parte(s) relacionada(s) n. 24 (2º sem. 2016) {55/1043 R. 088633} ;p. 49-71
902 ## - CES. TIPO DE DOCUMENTO
Tipodoc (006$c Sirtex) ART Artículo de revista
942 ## - ELEMENTOS KOHA
Fuente de clasificaión o esquema Clasificación propia del CES
Koha [por defecto] tipo de item Artículos (1982-2017)
Parte de clasificación Ciencias Sociales Politicas Empresariale

No hay ítems disponibles.

© CES, Consejo Económico y Social de España 2021